Guess the Olivia Rodrigo song (no hints) - Statistics

General Stats
  • This quiz has been taken 155 times
  • The average score is 172 of 218
Answer Stats
Answer % Correct
I
98%
a
97%
you
97%
You
97%
the
91%
The
91%
an
90%
me
90%
your
89%
Your
89%
And
87%
and
87%
so
87%
that
86%
on
85%
my
84%
we
84%
it
83%
to
83%
all
82%
All
82%
do
82%
was
80%
like
79%
mine
79%
Know
78%
know
78%
loved
78%
did
77%
hope
76%
but
75%
But
75%
'Cause
75%
'Cause,
75%
could
75%
crime
75%
favorite
75%
heart
75%
Just
75%
what
75%
as
74%
let
74%
were
74%
things
73%
you're
73%
It's
72%
Oh,
72%
treat
72%
bad
71%
broke
71%
call
71%
hate
71%
One
71%
say
71%
with
71%
every
70%
friends
70%
Well,
69%
if
68%
think
68%
doin'
67%
face
67%
honey
67%
smile
67%
time
67%
about
66%
damage
66%
down,
66%
goin'
66%
hands
66%
baby,
65%
bloody
65%
Yeah,
65%
again
64%
alibi
64%
look
64%
made
64%
used
64%
four
63%
line
63%
became
62%
crossed
62%
I'd
62%
now
62%
siren
62%
around
61%
bittersweet
61%
defended
61%
everything
61%
scene
61%
sounds
61%
watched
61%
accomplice
58%
willing
58%
trouble
57%
fled
56%
buried
55%
Doe
55%
eyed
54%
we'd
53%
minе
0%
wondеr
0%
No matching quizzes found
Score Distribution
Percent of People with Each Score
Percentile by Number Answered
Your Score History
You have not taken this quiz